Movies Quiz

Random Movies or Disney Quiz

Self-Centered Disney Quiz Stats

Quiz Updated Nov 2, 2015

Challenge
Share
Tweet
Embed
Score 0/16 Timer 04:00
5 Plays Today
Song lyrics Character % Correct
I can show you the worldAladdin
91.6%
I'm gonna be a mighty king so enemies bewareSimba
90.2%
The cold never bothered me anywayElsa
87.8%
I keep wishing it could be that way because my world would be a WonderlandAlice
86.8%
I've got no strings to hold me downPinocchio
84.7%
I wanna be where the people are I wanna see, wanna see them dancin'Ariel
83.6%
I look once more just around the riverbend beyond the shorePocahontas
82.9%
Look at me, I will never pass for a perfect bride or a perfect daughterMulan
79.7%
Song lyrics Character % Correct
We tell jokes. I do tricks. With my fellow candlesticksLumiere
79.5%
I'll paint the walls some more, I'm sure there's room somewhere. And then I'll brush and brush, and brush and brush my hairRapunzel
79%
I will find my way I can go the distance. I'll be there someday if I can be strongHercules
72.4%
I'm wishing for the one I love to find me todaySnow White
70.2%
I am deformed and I am uglyQuasimodo
68.3%
Wherever I wander, wherever I roam, I couldn't be fonder of my big homeBaloo
48.3%
So I work real hard each and every day. Now things for sure are going my wayTiana
46.5%
My heart has wings, and I can fly. I'll touch ev'ry star in the skyCinderella
33.4%

You're not logged in!

Compare scores with friends on all Sporcle quizzes.
Sign Up with Email
OR
Log In

You Might Also Like...

Show Comments

Extras

Top Quizzes Today


Score Distribution

Your Account Isn't Verified!

In order to create a playlist on Sporcle, you need to verify the email address you used during registration. Go to your Sporcle Settings to finish the process.